000
00293nam a22001217a 4500
008
181221b xxu||||| |||| 00| 0 eng d
041
_a
eng
080
_a
616.8
100
_a
7
101
_a
NEU
245
_a
The Molecular Basis of Neurosurgical Disease
_c
Raffel,C
942
_2
udc
_c
BK
999
_c
53641
_d
53641